[Event "ch-Nordic w"]
[Site "Stockholm SWE"]
[Date "2003.08.03"]
[Round "2"]
[White "Peicheva,E"]
[Black "Berntsen,S"]
[Result "0-1"]
[WhiteElo "2185"]
[BlackElo "2132"]

1.Nf3 d5 2.g3 c5 3.Bg2 Nc6 4.d3 e5 5.O-O f6 6.c4 d4 7.e3 Bd6 8.exd4 exd4
9.Re1+ Nge7 10.Nbd2 O-O 11.Ne4 Ng6 12.a3 Bg4 13.b4 b6 14.bxc5 bxc5 15.h3 Bf5
16.Nfd2 Nce5 17.f4 Nf7 18.Nxd6 Nxd6 19.Bxa8 Qxa8 20.Nb3 Bxh3 21.Ra2 Qc8 22.Qh5 Bf5
23.Rh2 Bxd3 24.Qd5+ Nf7 25.Nxc5 Rd8 26.Qh5 Bf5 27.Qxh7+ Kf8 28.Ne6+ Bxe6
29.Qxg6 Bf5 30.Qh5 d3 31.Be3 Nh6 32.Qd1 Qxc4 33.Qd2 Ng4 34.Rh8+ Ke7 35.Bb6+ Kf7
36.Rxd8 axb6 37.Rde8 Qc5+ 38.Kg2 Kg6 39.R8e7 Qc6+ 40.Kg1  0-1

[Event "HZ Open"]
[Site "Vlissingen NED"]
[Date "2003.08.03"]
[Round "2"]
[White "Knol,G"]
[Black "Kasimdzhanov,R"]
[Result "0-1"]
[WhiteElo "2154"]
[BlackElo "2664"]

1.Nf3 d5 2.g3 Nf6 3.Bg2 g6 4.b3 Bg7 5.Bb2 O-O 6.d3 c5 7.Nbd2 Nc6 8.c4 d4
9.O-O h6 10.a3 a5 11.Qc2 e5 12.Rfe1 Bg4 13.h3 Be6 14.e3 dxe3 15.Rxe3 Nd7
16.Rae1 Qc7 17.Nh2 Rae8 18.Ng4 Nd4 19.Bxd4 cxd4 20.R3e2 f5 21.Nh2 e4 22.dxe4 f4
23.e5 fxg3 24.fxg3 Nxe5 25.Rxe5 Bxe5 26.Qxg6+ Qg7 27.Qxg7+ Bxg7 28.Bxb7 Bxh3
29.Rd1 Re2 30.Ndf3 Rg2+ 31.Kh1 Rxg3 32.Nxd4 Rd8 33.Bd5+ Rxd5 34.cxd5 Bg2+
35.Kg1 Bf3+ 36.Kf2 Bxd1  0-1

[Event "HZ Open"]
[Site "Vlissingen NED"]
[Date "2003.08.03"]
[Round "3"]
[White "Haub,TM"]
[Black "Dogge,M"]
[Result "1-0"]
[WhiteElo "2397"]
[BlackElo "2176"]

1.Nf3 d5 2.g3 Nc6 3.d3 Bg4 4.Bg2 Nf6 5.h3 Bh5 6.Nbd2 e5 7.g4 Bg6 8.Nh4 Bc5
9.e3 Qd6 10.Nxg6 hxg6 11.a3 a5 12.b3 Rd8 13.Bb2 Ne7 14.Qe2 c6 15.O-O O-O
16.Qf3 Ba7 17.Qg3 Bb8 18.d4 e4 19.Qxd6 Bxd6 20.c4 g5 21.b4 axb4 22.c5 Bc7
23.axb4 Ra8 24.Bc3 Nd7 25.f3 exf3 26.Nxf3 f6 27.b5 Bg3 28.b6 Ng6 29.Rxa8 Rxa8
30.Ra1 Rxa1+ 31.Bxa1 Kf7 32.Nd2 Be1 33.Nb3 Nh4 34.Bh1 g6 35.Kf1 Bb4 36.e4 dxe4
37.Bxe4 Ke6 38.Ke2 f5 39.Bh1 Nf6 40.Kd3 Kd7 41.Kc4 Be1 42.d5 cxd5+ 43.Kb5 Ne4
44.Be5 Bf2 45.Na5 Nxc5 46.Bxd5 Ne4 47.Nxb7 Nf3 48.Bb2 Bd4 49.Bc6+ Kc8 50.Ba3 Ne5
51.Bxe4 fxe4 52.Nd6+ Kd7 53.Nxe4 Bxb6 54.Kxb6 Nc4+ 55.Kc5 Nxa3 56.Kd5 Ke7
57.Nxg5 Kf6 58.Ne4+ Kf7 59.g5 Nc2 60.Ke5 Ne1 61.Nf2 Nf3+ 62.Kf4 Nd4 63.h4 Ne6+
64.Ke5 Ng7 65.Ne4 Nh5 66.Kd6 Nf4 67.Nd2 Ng2 68.Nf3 Ne3 69.Ne5+ Kg7 70.Ke6 Ng2
71.Nf3 Nf4+ 72.Ke5 Ng2 73.Ke4 Kf7 74.Kd3 Nf4+ 75.Ke3 Ng2+ 76.Kf2 Nf4 77.Kg3 Nd5
78.Ne5+ Kg7 79.Kf3 Ne7 80.Kf4 Nd5+ 81.Ke4 Ne7 82.Nf3 Kf7 83.Ke5 Nc6+ 84.Kd6 Ne7
85.Ne5+ Kf8 86.Ke6 Nc6 87.Nxc6  1-0

[Event "10th Summer Open"]
[Site "Nice FRA"]
[Date "2003.08.04"]
[Round "1"]
[White "Leski,M"]
[Black "Djoudi,A"]
[Result "1-0"]
[WhiteElo "2414"]
[BlackElo "2150"]

1.Nf3 d5 2.g3 c6 3.Bg2 e6 4.O-O f5 5.d3 Nf6 6.Nbd2 Be7 7.b3 O-O 8.Bb2 Qe8
9.e4 fxe4 10.dxe4 Qh5 11.Nd4 Qh6 12.Qe2 Bc5 13.c4 Re8 14.e5 Bxd4 15.Bxd4 Nfd7
16.f4 b6 17.b4 Bb7 18.b5 a6 19.a4 Nc5 20.Bxc5 bxc5 21.Nb3  1-0

[Event "ch-SLO"]
[Site "Bled SLO"]
[Date "2003.08.05"]
[Round "4"]
[White "Tratar,M"]
[Black "Zorko,Ju"]
[Result "1-0"]
[WhiteElo "2455"]
[BlackElo "2219"]

1.Nf3 d5 2.g3 Nf6 3.Bg2 e6 4.O-O Be7 5.d3 O-O 6.Nbd2 c5 7.e4 Nc6 8.Re1 b5
9.e5 Nd7 10.h4 a5 11.Nf1 b4 12.N1h2 a4 13.a3 bxa3 14.bxa3 Rb8 15.Ng4 Ba6
16.Bg5 Na7 17.Qd2 c4 18.d4 Nb5 19.Bh3 Kh8 20.Kg2 c3 21.Qf4 Nb6 22.Bf6 Nd7
23.Bg5 Na7 24.Re3 Rb2 25.Rxc3 Nb5 26.Qc1 Ra2 27.Rxa2 Nxc3 28.Rb2 f6 29.exf6 gxf6
30.Bd2 Ne2 31.Qa1 f5 32.Nge5 Nxe5 33.Nxe5 f4 34.Bb4 fxg3 35.fxg3 Bxb4 36.Rxb4 Qf6
37.Qe1 Rg8 38.Bg4 Rxg4 39.Nxg4 Qg6 40.Qf2 Kg7 41.Ne5 Qe4+ 42.Kh2  1-0

[Event "FSIM August"]
[Site "Budapest HUN"]
[Date "2003.08.05"]
[Round "4"]
[White "Werner,Di"]
[Black "Farago,S"]
[Result "1/2-1/2"]
[WhiteElo "2376"]
[BlackElo "2319"]

1.g3 d5 2.Nf3 Nf6 3.Bg2 c6 4.O-O Bf5 5.d3 h6 6.Nbd2 Nbd7 7.Qe1 e5 8.e4 dxe4
9.dxe4 Be6 10.Qe2 Qc7 11.b3 b5 12.Bb2 a6 13.a4 Rb8 14.axb5 axb5 15.Ra6  1/2-1/2

[Event "IM"]
[Site "Niederbronn FRA"]
[Date "2003.08.05"]
[Round "4"]
[White "Gasthofer,A"]
[Black "Keitlinghaus,L"]
[Result "1/2-1/2"]
[WhiteElo "2412"]
[BlackElo "2506"]

1.Nf3 d5 2.g3 Nc6 3.d4 Bf5 4.Bg2 Nb4 5.Na3 e6 6.O-O Be7 7.c3 Nc6 8.b4 Nf6
9.Qa4 Nd7 10.Nd2 O-O 11.e4 Bg6 12.Qb3 Nb6 13.Nc2 a5 14.a3 axb4 15.axb4 Rxa1
16.Nxa1 Na7 17.Nc2 Nb5 18.Ne3 c6 19.f4 f5 20.exf5 exf5 21.Nf3 Qa8 22.Ne5 Qa4
23.Qb2 Nd6 24.Qe2 Qb5 25.Qc2 Qa4 26.Qe2 Qb5 27.Qc2  1/2-1/2

[Event "HZ Open"]
[Site "Vlissingen NED"]
[Date "2003.08.05"]
[Round "5"]
[White "Odendahl,R"]
[Black "Gyimesi,Z"]
[Result "1/2-1/2"]
[WhiteElo "2369"]
[BlackElo "2553"]

1.Nf3 d5 2.g3 Nf6 3.Bg2 c6 4.c4 Bg4 5.Ne5 Be6 6.cxd5 Bxd5 7.Nf3 c5 8.Nc3 Bc6
9.O-O Nbd7 10.d4 e6 11.Be3 a6 12.dxc5 Bxc5 13.Bxc5 Nxc5 14.Qxd8+ Rxd8 15.Rfd1 Ke7
16.Ne5 Bxg2 17.Kxg2 Rxd1 18.Rxd1 Rc8 19.Rd4 Rc7 20.Kf3 Nfd7 21.Ng4 b5 22.Ne3 Nb6
23.Rd2 b4 24.Ncd1 a5 25.b3 Ncd7 26.Rc2 Rxc2 27.Nxc2 Kd6 28.e4 Ne5+ 29.Ke2 Nc6
30.Nb2 g5 31.h3 f6 32.Nd3 e5 33.Ke3 Na7 34.a4 Nc6 35.f4 Nd7 36.f5 h5 37.Ke2 Nd4+
38.Nxd4 exd4 39.Kd2 Ne5 40.Nxe5 fxe5 41.g4 h4  1/2-1/2

[Event "World Youth Stars"]
[Site "Kirishi RUS"]
[Date "2003.08.07"]
[Round "5"]
[White "Lenic,L"]
[Black "Matlakov,M"]
[Result "0-1"]
[WhiteElo "2386"]
[BlackElo "2319"]

1.Nf3 d5 2.g3 c5 3.Bg2 Nc6 4.O-O e6 5.d4 Nf6 6.c4 dxc4 7.Qa4 Bd7 8.dxc5 Na5
9.Qc2 Bxc5 10.Ne5 Rc8 11.Bg5 Qc7 12.Qc3 Nc6 13.Nxd7 Qxd7 14.Qxc4 Bd4 15.Nc3 h6
16.Bc1 Bxc3 17.Qxc3 O-O 18.Be3 Nd5 19.Rfd1 Rfd8 20.Qb3 Na5 21.Qd3 Qe7 22.Rac1 Nxe3
23.Qxe3 b6 24.Rxc8 Rxc8 25.Qd3 Rc7 26.Be4 f5 27.Bg2 Nc4 28.Qd4 Kh7 29.b3 Na3
30.e4 Nb5 31.Qd3 Nc3 32.exf5 exf5 33.Rf1 Qe5 34.f4 Qc5+ 35.Kh1 Re7 36.Rc1 Re3
37.Qd7 Qb5 38.Qxb5 Nxb5 39.Bh3 g6 40.Bf1 Nc3 41.Kg1 Nxa2 42.Ra1 Nc3 43.Rxa7+ Kh8
44.Rb7 Re6 45.Rc7 Ne4 46.Bd3 Nc5 47.Bc4 Rd6 48.b4 Ne4 49.Be2 Rd2 50.Bf3 Nd6
51.Rc6 b5 52.Bg2 Kg7 53.Bf1 Rd4 54.Rb6 g5 55.fxg5 hxg5 56.Kf2 Kf8 57.h3 Ke7
58.Rb8 Rxb4 59.Bd3 Rb2+ 60.Kf3 Rb3 61.Ke2 Rb2+ 62.Kf3 Rh2 63.Bf1 Rb2 64.Bd3 Kf6
65.h4 g4+ 66.Ke3 Rg2 67.h5 Rxg3+ 68.Kd4 Rh3 69.Rb6 Ke7 70.Bc2 Rxh5 71.Rb8 Rg5
72.Ra8 g3 73.Ra1 f4 74.Be4 b4 75.Bg2 Rh5 76.Bf3 Rg5 77.Bg2 b3 78.Ra7+ Ke6
79.Bh3+ Kf6 80.Ra6 Ke7 81.Ra7+ Kf8 82.Ra8+ Kg7 83.Ra7+ Nf7 84.Rb7 f3 85.Ke3 g2  0-1

[Event "ch-Nordic w"]
[Site "Stockholm SWE"]
[Date "2003.08.07"]
[Round "6"]
[White "Hagesaether,E"]
[Black "Peicheva,E"]
[Result "1-0"]
[WhiteElo "2169"]
[BlackElo "2185"]

1.Nf3 d5 2.g3 Bg4 3.Bg2 Nd7 4.d3 e6 5.O-O Bd6 6.Nbd2 Ne7 7.Qe1 O-O 8.e4 c6
9.h3 Bh5 10.Kh1 e5 11.g4 Bg6 12.Nh4 a5 13.Nf5 Bxf5 14.gxf5 dxe4 15.dxe4 b5
16.Rg1 Kh8 17.Nf3 Qc7 18.Bf1 Ng8 19.a4 Ngf6 20.Bg5 Qb6 21.Bd3 Bc5 22.Rg2 Bb4
23.Qe2 bxa4 24.Rag1 Ne8 25.Bc1 Be7 26.Bc4 Bf6 27.Ng5 Bxg5 28.Rxg5 Ndf6 29.f3 Qc7
30.Ba2 Rd8 31.Be3 Rd7 32.Bc5 Rg8 33.Qf2 h6 34.Qh4 Qd8 35.R5g2 Nd6 36.Bxd6 Rxd6
37.Bxf7 Rd1 38.Bxg8 Rxg1+ 39.Rxg1 Qxg8 40.Qg3 Nd7 41.Rd1 Qe8 42.Qg6  1-0

[Event "HZ Open"]
[Site "Vlissingen NED"]
[Date "2003.08.08"]
[Round "8"]
[White "Jansen,C"]
[Black "Oosterom,E"]
[Result "1-0"]
[WhiteElo "2282"]
[BlackElo "2198"]

1.Nf3 d5 2.g3 Nf6 3.Bg2 c5 4.O-O Nc6 5.d4 e6 6.c4 Be7 7.cxd5 Nxd5 8.Nc3 Nxc3
9.bxc3 Bf6 10.Ba3 cxd4 11.Nxd4 Nxd4 12.cxd4 Qxd4 13.Qc2 Bd7 14.Bxb7 Rb8 15.Rab1 Qc3
16.Qxc3 Bxc3 17.Bd6 Rd8 18.Bc7 Ke7 19.Bxd8+ Rxd8 20.Rfc1 Ba5 21.Bc6 Bxc6
22.Rxc6 Rd2 23.Rb7+  1-0

[Event "ch-SLO"]
[Site "Bled SLO"]
[Date "2003.08.09"]
[Round "8"]
[White "Matko,M"]
[Black "Kodela,M"]
[Result "1-0"]
[WhiteElo "2104"]
[BlackElo "2036"]

1.Nf3 d5 2.g3 Nf6 3.Bg2 Bf5 4.O-O c6 5.d3 Qc8 6.Nc3 Bh3 7.e4 Bxg2 8.Kxg2 e6
9.h3 Be7 10.Nh2 h5 11.f4 d4 12.Ne2 c5 13.c4 Qc6 14.Nf3 Nbd7 15.b4 b6 16.b5 Qb7
17.a4 a5 18.bxa6 Rxa6 19.Qc2 g6 20.Bd2 O-O 21.e5 Ne8 22.g4 Ng7 23.Ng3 f5
24.gxh5 Nxh5 25.Nxh5 gxh5 26.Kh2 Kf7 27.Be1 Rg8 28.Bh4 Qc6 29.Qf2 Rxa4 30.Rxa4 Qxa4
31.Bxe7 Kxe7 32.Qh4+ Ke8 33.Qxh5+ Kd8 34.Qh4+ Kc7 35.Qf2 Qb3 36.Ng5 Ra8 37.Nxe6+ Kc8
38.Qf3 Ra2+ 39.Kg3 Nb8 40.Kh4 Qc2 41.Qd5 Ra7 42.Qd8+ Kb7 43.Rg1 Qf2+ 44.Rg3 Ka6
45.Nc7+ Rxc7 46.Qxc7 Qxf4+ 47.Kh5 Qxg3 48.Qxb8 Qxh3+ 49.Kg6 Qf3 50.Qc8+ Ka5
51.Qxf5 Qg3+ 52.Kf7 b5 53.cxb5 Kxb5 54.e6 Kb4 55.e7 Qc7 56.Qe4 Kc3 57.Kf8 Qd6
58.Kg7 Qd7 59.Kf8 Qd6 60.Kg8 Qg3+ 61.Kf7 Qc7 62.Kg6 Qd6+ 63.Kf7 Qc7 64.Kf6 Qd6+
65.Kg5 Qg3+ 66.Kf5 Qh3+ 67.Kf6 Qh6+ 68.Kf7 Qh5+ 69.Qg6 Qd5+ 70.Kf8 Qf3+ 71.Qf7 Qxd3
72.e8=Q Qg3 73.Qd8 d3 74.Qa5+ Kd4 75.Qg7+ Qxg7+ 76.Kxg7 c4 77.Qd2 c3 78.Qf4+ Kc5
79.Kf6 d2 80.Qf5+ Kc4 81.Qc2 Kd4 82.Kf5 Kc4 83.Ke4 Kb4  1-0

[Event "ch-Nordic w"]
[Site "Stockholm SWE"]
[Date "2003.08.09"]
[Round "8"]
[White "Hagesaether,E"]
[Black "Andersson,C"]
[Result "1/2-1/2"]
[WhiteElo "2169"]
[BlackElo "2149"]

1.Nf3 d5 2.g3 Nc6 3.d3 e5 4.Bg2 Nf6 5.O-O Be7 6.e4 dxe4 7.dxe4 Qxd1 8.Rxd1 Bg4
9.Re1 O-O-O 10.h3 Bh5 11.Na3 Bg6 12.Nc4 Nb4 13.Ne3 Bc5 14.a3 Nc6 15.b4 Bxe3
16.Bxe3 Bxe4 17.b5 Bxf3 18.Bxf3 Nd4 19.Bxd4 exd4 20.Re7 Rhf8 21.a4 Rde8 22.Rxe8+ Rxe8
23.Rd1 Rd8 24.Kf1 Rd6 25.Ke2 Nd7 26.Bg4 Kd8 27.Bxd7 Kxd7 28.Kd3 c5 29.bxc6+ Rxc6
30.Rb1 b6 31.Rb4 Rd6 32.Rxd4 Rxd4+ 33.Kxd4 Kd6 34.Kc4 a6 35.f4 f5 36.Kd4 h5
37.Kc4 Ke6 38.Kd4 Kd6 39.Kc4 Ke6 40.Kd4 Kd6  1/2-1/2

[Event "FSGM August"]
[Site "Budapest HUN"]
[Date "2003.08.10"]
[Round "9"]
[White "Jakab,A"]
[Black "Woodward,T"]
[Result "1/2-1/2"]
[WhiteElo "2442"]
[BlackElo "2285"]

1.Nf3 d5 2.g3 Bg4 3.Bg2 Nd7 4.O-O Ngf6 5.c4 c6 6.cxd5 cxd5 7.d3 e6 8.Nc3 Be7
9.e4 O-O 10.exd5 Nxd5 11.Nxd5 exd5 12.Bf4 Rc8 13.Rc1  1/2-1/2

[Event "IM"]
[Site "Niederbronn FRA"]
[Date "2003.08.10"]
[Round "9"]
[White "Gasthofer,A"]
[Black "Sermier,G"]
[Result "1/2-1/2"]
[WhiteElo "2412"]
[BlackElo "2373"]

1.Nf3 d5 2.g3 Nf6 3.Bg2 c6 4.O-O Bf5 5.d3 e6 6.Nbd2 h6 7.Qe1 Be7 8.e4 Bh7
9.Ne5 O-O 10.f4 dxe4 11.dxe4 Nbd7  1/2-1/2

[Event "US Open"]
[Site "Los Angeles USA"]
[Date "2003.08.12"]
[Round "9"]
[White "Donaldson,J"]
[Black "Weinberger,T"]
[Result "1-0"]
[WhiteElo "2440"]
[BlackElo "2220"]

1.Nf3 d5 2.g3 Nd7 3.d4 e6 4.Bg2 Be7 5.c4 c6 6.Qc2 f5 7.O-O Ngf6 8.cxd5 cxd5
9.Bf4 O-O 10.Nbd2 Qe8 11.Rac1 Nb6 12.Ne5 Nh5 13.Be3 Bd6 14.Nb3 Na4 15.Na5 Qb5
16.Bd2 Qxb2 17.Qxb2 Nxb2 18.Rb1 b6 19.Rxb2 bxa5 20.Bxa5 Ba6 21.Bf3 Nf6 22.Bb4 Rfb8
23.Rfb1 Bxe5 24.dxe5 Nd7 25.Bd6 Rb6 26.g4 Bc4 27.gxf5 exf5 28.Rxb6 Nxb6 29.a4 Kf7
30.a5 Nd7 31.Rb7 Ke6 32.Rc7 Nxe5 33.Bxe5 Kxe5 34.Rxg7 a6 35.Rxh7 Rb8 36.h4 Rb5
37.h5 Rxa5 38.h6 Kf6 39.Rd7 Rc5 40.h7 Rc8 41.Bxd5 Bxd5 42.Rxd5 Rh8 43.Rd7 a5
44.Kg2 a4 45.Kg3 Kg5 46.Ra7 a3 47.Rxa3 Rxh7 48.f4+ Kh5 49.Ra5 Rf7 50.e4 Kg6
51.Ra6+ Kh5 52.Ra5 Kg6 53.e5 Rb7 54.Ra8 Rb3+ 55.Kh4 Rb6 56.Rd8 Rc6 57.Rd6+ Rxd6
58.exd6 Kf6 59.d7  1-0

[Event "Independence Cup"]
[Site "Kyiv UKR"]
[Date "2003.08.13"]
[Round "1"]
[White "Sergeev,Vl"]
[Black "Kalinkin,B"]
[Result "0-1"]
[WhiteElo "2451"]
[BlackElo "2229"]

1.Nf3 d5 2.g3 g6 3.c4 c6 4.Qa4 Nf6 5.cxd5 Nxd5 6.Bg2 Bg7 7.Nc3 O-O 8.O-O e5
9.d3 h6 10.Bd2 Nb6 11.Qc2 Be6 12.b4 Nd5 13.Ne4 Nd7 14.Rab1 Rc8 15.Rfc1 Qe7
16.a4 f5 17.Nc5 Nxc5 18.bxc5 f4 19.e4 fxe3 20.fxe3 Bg4 21.Nh4 Bh5 22.Qb3 Rf7
23.Be4 Qe6 24.Bg2 g5 25.e4 gxh4 26.exd5 Qg4 27.Qb4 Qe2 28.Rf1 Rcf8 29.Rbc1 Rxf1+
30.Rxf1 hxg3 31.Rxf8+ Bxf8 32.hxg3 Bf3 33.Bxf3 Qxf3 34.d6 Qxg3+ 35.Kf1 Qxd3+
36.Ke1 e4 37.Kf2 h5 38.Be3 Kf7 39.Qb2 Bg7 40.Qd2 Qd5 41.Qxd5+ cxd5  0-1

[Event "US Open"]
[Site "Los Angeles USA"]
[Date "2003.08.13"]
[Round "10"]
[White "Minasian,Art"]
[Black "Sulskis,S"]
[Result "1/2-1/2"]
[WhiteElo "2571"]
[BlackElo "2578"]

1.g3 d5 2.Nf3 c6 3.Bg2 Nf6 4.O-O Bf5 5.b3 e6 6.Bb2 Bd6 7.d3 O-O 8.Nbd2 Qe7
9.e4 dxe4 10.dxe4 Nxe4 11.Nh4 Nxd2 12.Nxf5 exf5 13.Qxd2 Be5 14.Rfe1 f6 15.Rad1 Na6
16.Qf4 Qc5 17.Bxe5 fxe5 18.Rxe5 Qxc2 19.Rde1 Rad8 20.Bf1 Kh8 21.Re7 Qc3 22.R1e5 h6
23.Rxb7 Nc5 24.Rxa7 Rd1 25.Ree7 Nd3 26.Qf3 Qa1 27.Qe2 Rd8 28.Rxg7 Re1 29.Rh7+ Kg8
30.Rhg7+ Kh8 31.Rh7+ Kg8 32.Rag7+ Kf8 33.Rf7+ Kg8 34.Rhg7+ Kh8 35.Rh7+ Kg8
36.Rfg7+ Kf8 37.Rf7+ Kg8 38.Rhg7+ Kh8 39.Rh7+ Kg8 40.Rfg7+ Kf8 41.Rf7+ Kg8  1/2-1/2

[Event "FSIM August"]
[Site "Budapest HUN"]
[Date "2003.08.14"]
[Round "13"]
[White "Eisenbeiser,A"]
[Black "Zucchelli,M"]
[Result "1-0"]
[WhiteElo "2233"]
[BlackElo "2194"]

1.g3 d5 2.Nf3 c6 3.Bg2 Bg4 4.d3 Nd7 5.Nbd2 e6 6.e4 Bc5 7.Qe2 Ne7 8.c3 a5
9.a4 O-O 10.O-O Ng6 11.d4 dxe4 12.Qxe4 Bf5 13.Qe2 Ba7 14.Nc4 Qc7 15.h3 e5
16.Nfxe5 Ngxe5 17.Nxe5 Nxe5 18.dxe5 Rad8 19.Re1 Rd3 20.Bf4 g5 21.Be4 gxf4
22.Qxd3 Rd8 23.Qf3 Rd2 24.Bxf5 Rxf2 25.Qg4+ Kf8 26.e6 Rf3+ 27.Kh1 Rxg3 28.e7+ Ke8
29.Bd7+  1-0

[Event "Independence Cup"]
[Site "Kyiv UKR"]
[Date "2003.08.17"]
[Round "5"]
[White "Ianov,V"]
[Black "Semenova,L"]
[Result "1-0"]
[WhiteElo "2425"]
[BlackElo "2248"]

1.Nf3 d5 2.g3 g6 3.c4 dxc4 4.Na3 Bg7 5.Nxc4 Nf6 6.Bg2 O-O 7.O-O c6 8.d3 Be6
9.Qc2 Na6 10.Bd2 Qc8 11.Ng5 Bg4 12.h3 Bd7 13.Ne5 Be8 14.Qb3 Nd7 15.Nc4 Ndc5
16.Qa3 Bd7 17.Kh2 h6 18.Nf3 Be6 19.Rac1 Re8 20.b4 Nd7 21.b5 cxb5 22.Nd6 exd6
23.Rxc8 Raxc8 24.Qxd6 Nac5 25.a3 g5 26.g4 Ba2 27.Rc1 Rc6 28.Qg3 Rxe2 29.Kg1 Bd5
30.Be3 Bb2 31.Rd1 Ne6 32.d4 Ra6 33.Bf1 Rxe3 34.fxe3 Rxa3 35.Ne5 Nxe5 36.Qxe5 Bf3
37.Rb1 Bc3 38.Kf2 Bc6 39.Rd1 Ra2+ 40.Be2 b4 41.Kf1 Nf8 42.Bc4  1-0

[Event "Independence Cup"]
[Site "Kyiv UKR"]
[Date "2003.08.17"]
[Round "5"]
[White "Boroday,S"]
[Black "Drozdovskij,Y"]
[Result "0-1"]
[WhiteElo "2395"]
[BlackElo "2458"]

1.Nf3 d5 2.g3 c5 3.Bg2 Nc6 4.O-O e6 5.c4 d4 6.d3 Nf6 7.e4 Be7 8.e5 Nd7 9.Re1 g5
10.h3 h5 11.g4 hxg4 12.hxg4 Nf8 13.Nbd2 Ng6 14.Nf1 Bd7 15.Ng3 Qc7 16.Qe2 O-O-O
17.Nh5 Rdg8 18.a3 Nf4 19.Nxf4 gxf4 20.g5 Bxg5 21.Nxg5 Rxg5 22.Bxf4 Rg6 23.Kf1 Ne7
24.Be4 Bc6 25.Qf3 Bxe4 26.Rxe4 Nf5 27.Ke2 Qc6 28.Rf1 Rhg8 29.Bd2 Qa4 30.Rf4 Rg1
31.b3 Qxb3 32.Rxf5 Rxf1 33.Kxf1 exf5 34.Qxf5+ Kb8 35.Qh7 Qd1+ 36.Be1 Rg6
37.Qh3 a6 38.Qf5 Rh6 39.Qe4 Rh3 40.Qd5 Qxd3+ 41.Kg2 Rh6 42.Qd8+ Ka7 43.Qc7 Qh3+  0-1

[Event "Open"]
[Site "Vienna AUT"]
[Date "2003.08.17"]
[Round "2"]
[White "Dizdarevic,E"]
[Black "Hansen,Kay"]
[Result "1-0"]
[WhiteElo "2486"]
[BlackElo "2230"]

1.Nf3 d5 2.g3 Nf6 3.Bg2 c6 4.O-O Bf5 5.d3 h6 6.c4 e6 7.cxd5 exd5 8.Nc3 Be7
9.Nd4 Bd7 10.e4 dxe4 11.dxe4 O-O 12.e5 Nh7 13.Be3 Na6 14.f4 Re8 15.Qe2 Bc5
16.Rad1 Qc8 17.Ne4 Bg4 18.Nf3 Bxe3+ 19.Qxe3 Rd8 20.Nd6 Qd7 21.Rd2 Be6 22.Nd4 Rab8
23.f5 Bd5 24.Bxd5 cxd5 25.f6 Qg4 26.N4f5  1-0

[Event "ADCF Masters"]
[Site "Abu Dhabi UAE"]
[Date "2003.08.19"]
[Round "4"]
[White "Sale,S"]
[Black "Pourkashiyan,A"]
[Result "1-0"]
[WhiteElo "2420"]
[BlackElo "2235"]

1.Nf3 d5 2.g3 Nf6 3.Bg2 c6 4.O-O Bg4 5.d4 e6 6.Nbd2 Bd6 7.Re1 Nbd7 8.e4 dxe4
9.Nxe4 Nxe4 10.Rxe4 Nf6 11.Re1 O-O 12.c3 Qa5 13.h3 Bh5 14.Qb3 Bxf3 15.Bxf3 Rab8
16.Kg2 Rfd8 17.Re2 h5 18.h4 Ng4 19.Bg5 Rd7 20.Rae1 Kh8 21.a3 Re8 22.Qd1 Qb5
23.Rd2 Qf5 24.Be4 Qa5 25.Bb1 Be7 26.b4 Qd5+ 27.f3 Nf6 28.Qc2 Qf5 29.Qxf5 exf5
30.Bxf5 Rdd8 31.Rde2 Bf8 32.Rxe8 Rxe8 33.Rxe8 Nxe8 34.a4 g6 35.Bd3 Kg7 36.g4 Nf6
37.Be2 Bd6 38.Bd2 Nd5 39.b5 c5 40.gxh5 gxh5 41.dxc5 Bxc5 42.f4 Ne3+ 43.Kf3 Nf5
44.Ke4 Ng3+ 45.Kd5 Be7 46.Bf3 Bxh4 47.Be3 b6 48.Bf2 Kg6 49.a5 bxa5 50.Bxa7 Nf5
51.Be4 a4 52.Bc5 Bd8 53.b6 a3 54.b7 a2 55.b8=Q a1=Q 56.Bxf5+ Kxf5 57.Qxd8 Qa2+
58.Kd6 Qd2+ 59.Bd4 Qxf4+ 60.Kd7  1-0

[Event "ADCF Masters"]
[Site "Abu Dhabi UAE"]
[Date "2003.08.19"]
[Round "4"]
[White "Poluljahov,A"]
[Black "Rausis,I"]
[Result "1/2-1/2"]
[WhiteElo "2530"]
[BlackElo "2495"]

1.Nf3 d5 2.g3 Nf6 3.Bg2 c6 4.O-O Bg4 5.Ne5 Bh5 6.d4 Nbd7 7.c4 e6 8.Nc3 Be7
9.Qb3 Qb6 10.Nxd7 Nxd7 11.e4 dxe4 12.Nxe4 O-O 13.Re1 Rfd8 14.Be3 Nf6 15.Nc5 Ng4
16.Nxb7 Nxe3 17.fxe3 Rdb8 18.Nc5 Bxc5 19.dxc5 Qxc5 20.Qc3 a5 21.Qd4 Qxd4
22.exd4 Rxb2 23.Re5  1/2-1/2

[Event "II American Continental"]
[Site "Buenos Aires ARG"]
[Date "2003.08.19"]
[Round "3"]
[White "Ojeda,Her"]
[Black "Szmetan,J"]
[Result "1/2-1/2"]
[WhiteElo "2226"]
[BlackElo "2408"]

1.Nf3 d5 2.g3 c5 3.Bg2 Nc6 4.d3 g6 5.O-O Bg7 6.Nbd2 e5 7.e4 Nf6 8.Ng5 h6
9.Nh3 O-O 10.c3 dxe4 11.dxe4 Be6 12.f4 Qd7 13.Nf2 Rad8 14.Qe2 Rfe8 15.Nf3 Qe7
16.Be3 exf4 17.gxf4 b6 18.Rfe1 Nh5 19.Nd2 Nd4 20.Qd1 Bc8 21.f5 Kh7 22.Ng4 Nc6
23.Rf1 Ne5 24.Nxe5 Qxe5 25.Qb3 Bxf5 26.Nc4 Be6 27.Nxe5 Bxb3 28.axb3 Rxe5
29.Rxf7 a5 30.Raf1 Re6 31.Rb7 Rd3 32.Bc1 Nf6 33.e5 Nh5 34.Be4 Rd8 35.Bc2 Kh8
36.Rff7 Rxe5 37.Bxg6 Re1+ 38.Kf2 Rxc1 39.Bxh5 Rf8 40.Rxb6 Rc2+ 41.Ke3 Rxh2
42.Rxf8+ Bxf8 43.Be2 Rh1 44.Rb8 Kg7 45.Ra8 Rb1 46.Ra7+ Kh8 47.Ra8 Kg7 48.Ra7+ Kh8  1/2-1/2

[Event "II American Continental"]
[Site "Buenos Aires ARG"]
[Date "2003.08.19"]
[Round "3"]
[White "Szmetan,R"]
[Black "Morinongeli,M"]
[Result "1-0"]
[WhiteElo "2288"]
[BlackElo "2143"]

1.Nf3 d5 2.g3 Nf6 3.Bg2 e6 4.O-O Be7 5.d3 c5 6.Nbd2 Nc6 7.e4 b6 8.Re1 Bb7
9.Qe2 Qc7 10.c3 h6 11.a3 a5 12.e5 Nd7 13.h4 b5 14.Nf1 O-O 15.Bf4 Rfb8 16.Ne3 b4
17.Ng4 Bf8 18.Qd2 Qd8 19.axb4 axb4 20.Rxa8 Rxa8 21.c4 Na5 22.Qc2 b3 23.Qc1 dxc4
24.dxc4 Nb6 25.Rd1 Qe7 26.Bxh6 Naxc4 27.Bg5 Qe8 28.h5 Be7 29.h6 g6 30.h7+ Kh8
31.Qf4 Bxf3 32.Bf6+ Bxf6 33.Qxf6+  1-0

[Event "Independence Cup"]
[Site "Kyiv UKR"]
[Date "2003.08.19"]
[Round "7"]
[White "Ianov,V"]
[Black "Ostrovskiy,A"]
[Result "0-1"]
[WhiteElo "2425"]
[BlackElo "2077"]

1.Nf3 d5 2.g3 Nf6 3.Bg2 c6 4.O-O Bg4 5.h3 Bh5 6.d3 Nbd7 7.Nbd2 e5 8.e4 dxe4
9.dxe4 Bc5 10.Qe1 O-O 11.a4 Qe7 12.Nh4 Bg6 13.Qe2 Rfd8 14.Nb3 Qe6 15.Nxc5 Nxc5
16.Nxg6 hxg6 17.b4 Ncd7 18.a5 Ne8 19.Rd1 Nd6 20.c3 Nf6 21.Bg5 Nb5 22.Rd3 Rd6
23.Rxd6 Qxd6 24.Qc4 Rd8 25.Bf1 Rd7 26.Rc1 Qc7 27.Qe2 Nh7 28.Be3 Qd8 29.Qc2 a6
30.Be2 Nf6 31.Kg2 Qe7 32.Bc5 Qe6 33.Rd1 Rxd1 34.Bxd1 Qc4 35.Bf3 Qxc3 36.Qxc3 Nxc3
37.Bd6 Nfxe4 38.Bxe5 f5 39.Bxe4 Nxe4 40.Kf1 Kf7 41.Ke2 Nf6 42.Kd3 Nd5 43.Kc4 g5
44.Kc5 g6 45.Kd6 Nxb4 46.Kc7 Ke6 47.Bh8 Kd5 48.Kxb7 Kc5 49.Bc3 Nd5 50.Bd2 Kb5
51.Bxg5 c5 52.f3 c4 53.g4 f4 54.Bh4 c3 55.Be1 c2 56.Bd2 g5 57.Kc8 Kc4 58.Kb7 Kb5
59.Kc8 Kc6 60.Kd8 Kc5 61.Kd7 Kd4 62.Ke6 Kd3 63.Bc1 Nc3 64.Kf5 Ne2 65.Bb2 Ke3
66.Kxg5 Kxf3 67.h4 Kg3 68.h5 f3 69.h6 f2 70.h7 f1=Q 71.h8=Q Qf4+ 72.Kg6 Qxg4+
73.Kf7 Qc4+ 74.Ke7 c1=Q 75.Qg7+ Kf3 76.Bxc1 Qc7+ 77.Kf6 Qxg7+ 78.Kxg7 Nxc1
79.Kf6 Nb3 80.Ke5 Nxa5 81.Kd5 Nb7  0-1

[Event "Independence Cup"]
[Site "Kyiv UKR"]
[Date "2003.08.19"]
[Round "7"]
[White "Julin,A"]
[Black "Ermolaev,A"]
[Result "1/2-1/2"]
[WhiteElo "2224"]
[BlackElo "2372"]

1.Nf3 d5 2.g3 Bg4 3.Bg2 Nd7 4.d4 e6 5.Nbd2 Ngf6 6.c4 c6 7.O-O Bd6 8.Qb3 Qc8
9.Re1 O-O 10.e4 dxe4 11.Nxe4 Nxe4 12.Rxe4 Bf5 13.Re1 c5 14.Nh4 cxd4 15.Nxf5 exf5
16.Qxb7 Qxb7 17.Bxb7 Rae8 18.Rd1 Nc5 19.Bd5 a5 20.Bd2 a4 21.Bb4 Re2 22.Rxd4 Rxb2
23.Ba3 Rc2 24.Bxf7+ Kxf7 25.Rxd6 Rc8 26.Rd5 Rxc4 27.Rxf5+ Kg6 28.Rd5 Ne4
29.Re1 R8c6 30.Bb2 Nf6 31.Rd2 Rc2 32.Ree2 Rxd2 33.Rxd2 Kf5 34.Rd4 Ne4 35.Rxa4 g5
36.Ra5+ Kg4 37.Kg2 Nxf2 38.Ra4+ Kf5 39.Kxf2 Rc2+ 40.Kf3 Rxb2 41.g4+ Kf6 42.Ra6+ Ke5
43.Ra5+ Kf6 44.h3 Rc2 45.Rf5+ Kg6 46.a4 Rc3+ 47.Kg2 Ra3 48.a5 Ra2+ 49.Kf3 Ra3+
50.Ke4 Ra4+ 51.Kd3 h5 52.Re5 hxg4 53.hxg4 Rxg4 54.Re4 Rg3+ 55.Kc4 Ra3 56.Kb5 Kf5  1/2-1/2

[Event "ch-FRA w"]
[Site "Aix les Bains FRA"]
[Date "2003.08.21"]
[Round "4"]
[White "Wohlers Armas,F"]
[Black "Verot,M"]
[Result "1-0"]
[WhiteElo "2157"]
[BlackElo "2099"]

1.Nf3 d5 2.g3 e6 3.Bg2 Nf6 4.d3 Be7 5.Nbd2 O-O 6.O-O Nbd7 7.e4 dxe4 8.dxe4 Nc5
9.e5 Nd5 10.a3 Bd7 11.Re1 Ba4 12.Nf1 Bb5 13.Nd4 Ba6 14.Qg4 Re8 15.b4 Bxf1
16.Kxf1 Na4 17.Nxe6 fxe6 18.Qxe6+ Kh8 19.Qxd5 Qxd5 20.Bxd5 c6 21.Bb3 Nb6
22.Be3 Bd8 23.f4 a5 24.Bc5 a4 25.Bf7 Bc7  1-0

[Event "ADCF Masters"]
[Site "Abu Dhabi UAE"]
[Date "2003.08.22"]
[Round "6"]
[White "Gokhale,C"]
[Black "Raetsky,A"]
[Result "1/2-1/2"]
[WhiteElo "2357"]
[BlackElo "2438"]

1.Nf3 d5 2.g3 Nc6 3.Bg2 e5 4.d3 g6 5.O-O Bg7 6.Nbd2 Nge7 7.e4 O-O 8.Re1 Re8
9.c3 a5 10.a4 h6 11.exd5 Nxd5 12.Nc4 Bf5 13.Nh4 Be6 14.Nf3 f6 15.Qb3 Nb6
16.Qb5 Nxc4 17.dxc4 Rb8 18.Be3 f5 19.Red1 Qf6 20.Nd2 Kh7 21.f4 e4 22.Nb3 Qf7
23.Bf1 Re7 24.Nc5 Bc8 25.Rd2 Qe8 26.Nb3 Bd7 27.Qd5  1/2-1/2

[Event "Open"]
[Site "Vienna AUT"]
[Date "2003.08.22"]
[Round "7"]
[White "Erhart,H"]
[Black "Locatin,M"]
[Result "0-1"]
[WhiteElo "2094"]
[BlackElo "2010"]

1.Nf3 d5 2.g3 c5 3.Bg2 Nf6 4.O-O Nc6 5.d3 Bg4 6.Nbd2 e5 7.e4 d4 8.h3 Bh5
9.a3 Be7 10.Qe1 Nd7 11.Nh2 g5 12.Ng4 Bxg4 13.hxg4 Qc7 14.Nf3 f6 15.Bd2 O-O-O
16.b4 Rdg8 17.b5 Nd8 18.a4 h5 19.Bh3 Ne6 20.gxh5 g4 21.Bg2 gxf3 22.Bxf3 Nf4
23.a5 Qd6 24.b6 a6 25.Bxf4 exf4 26.e5 Nxe5 27.Bg2 f5 28.Qe2 fxg3 29.f4 Nc6
30.Rae1 Bd8 31.Bh3 Rf8 32.Qf3 Qh6 33.Bg2 Qxh5 34.Qxh5 Rxh5 35.Re6 Rf6 36.Rfe1 Rxe6
37.Rxe6 Nxa5 38.Rg6 Rh4 39.Bd5 Rh8 40.Kg2 Rf8 41.Kxg3 Rf6 42.Be6+ Kb8 43.Rg8 Nc6
44.Bd7 Rd6 45.Bxf5 Ne7 46.Rf8 Nxf5+ 47.Rxf5 Bxb6 48.Kg4 a5  0-1